Normal view
MARC view
Entry Personal Name
001 - CONTROL NUMBER
- control field: 46034
003 - CONTROL NUMBER IDENTIFIER
- control field: ARRUPE
005 - DATE AND TIME OF LATEST TRANSACTION
- control field: 20190426123823.0
008 - FIXED-LENGTH DATA ELEMENTS
- fixed length control field: 190426|| aca||aabn | a|a d
040 ## - CATALOGING SOURCE
- Original cataloging agency: ARRUPE
- Transcribing agency: ARRUPE
100 ## - HEADING--PERSONAL NAME
- Personal name: Sokolich, Rev. Alexander F.
670 ## - SOURCE DATA FOUND
- Source citation: Work cat.: (ARRUPE): Sokolich, Rev. Alexander F., Canonnical provisions for universities and Colleges:, 1956.